[Event "Zelenograd-ch"]
[Site "Zelenograd"]
[Date "2016.09.22"]
[Round "6"]
[White "Gerasimov, Aleksei"]
[Black "Antipin , Aleksander"]
[Result "0-1"]
[WhiteElo "1692"]
[BlackElo "2026"]
[PlyCount "32"]
[EventDate "2016.09.19"]
[EventType "swiss"]
[EventRounds "11"]
[EventCountry "RUS"]
[SourceTitle "EXT 2017"]
[Source "ChessBase"]
[SourceDate "2016.10.25"]
[SourceVersion "1"]
[SourceVersionDate "2016.10.25"]
[SourceQuality "1"]

1. d4 d5 2. c4 e5 3. e3 Bb4+ 4. Bd2 Bxd2+ 5. Qxd2 exd4 6. Qxd4 Nf6 7. Nc3 c6 8. Nf3 0-0 9. Be2 Be6 10. b3 Qe7 11. 0-0 Rd8 12. Rad1 c5 13. Qf4 h6 14. h4 Nc6 15. Nb5 Rac8 16. g3 Nh5 0-1